| 000 | 01365cam a2200361 i 4500 | ||
|---|---|---|---|
| 999 |
_c200451367 _d69579 |
||
| 001 | 200451367 | ||
| 003 | TR-AnTOB | ||
| 005 | 20230811133234.0 | ||
| 007 | ta | ||
| 008 | 180618s1996 tu a 000 0 tur d | ||
| 020 | _a9751914450 | ||
| 035 | _a(TR-AnTOB)200451367 | ||
| 040 |
_aITU _beng _erda _cITU _dITU _dTR-AnTOB |
||
| 041 | 0 | _atur | |
| 050 | 4 |
_aHF3756.5.Z5 _bD47 1996 |
|
| 090 |
_aHF3756.5.Z5 _bD47 1996 |
||
| 245 | 0 | 0 |
_aDış ticaretimizde açık verdiğimiz ilk on ülke : _bA.B.D., İtalya, Japonya, Fransa, Suudi Arabistan, Rusya Federasyonu, İngiltere , Ukrayna, İsviçre, Almanya / _cHazırlayan İGEME Araştırma ve Geliştirme Başkanlığı |
| 264 | 1 |
_aAnkara : _bİGEME Araştırma ve Geliştirme Başkanlığı, _c1996. |
|
| 300 |
_a183 pages : _billustrations ; _c24 cm |
||
| 336 |
_atext _btxt _2rdacontent |
||
| 337 |
_aunmediated _bn _2rdamedia |
||
| 338 |
_avolume _bnc _2rdacarrier |
||
| 530 | _aKarton kapak. | ||
| 650 | 7 |
_aUluslararası ticaret _923531 |
|
| 651 | 7 |
_aTürkiye _xTicaret politikası _2etuturkob _965466 |
|
| 651 | 7 |
_aTürkiye _xTicaret _2etuturkob _913482 |
|
| 651 | 7 |
_aTürkiye _xEkonomik durum _2etuturkob _980633 |
|
| 651 | 7 |
_aTürkiye _xEkonomi politikası _911070 |
|
| 710 | 2 |
_aİhracatı Geliştirme Etüd Merkezi (Türkiye) _933777 |
|
| 942 |
_2lcc _cBK |
||